Riconosci il paese dal monumento - Statistics

Statistiche generali
  • Questo quiz è stato fatto 160 volte
  • Il punteggio medio è 3 su 15
Statistiche sulle risposte
con Immagini Risposta % Corretto
Torre Eiffel, Francia
98%
Cristo Redentore, Brasile
34%
Duomo di Milano, Italia
32%
Big Ben, Inghilterra
26%
Stonehenge, Inghilterra
26%
David di Michelangelo, Italia
21%
Cremlino, Russia
14%
Reggia di Versailles, Francia
7%
Torre di Londra, Inghilterra
6%
Monte Rushmore, Sud Dakota
4%
Basilica di San Pietro, Città del Vaticano
3%
Alcazar, Spagna
2%
Monna Lisa-Gioconda, Francia
2%
Partenone di Atene, Grecia
2%
Piramidi di Giza e Cheope, Egitto
2%
Nessun quiz corrispondente trovato
Distribuzione punteggi
Percentuale di utenti per punteggio
Percentile per numero di risposta
I tuoi punteggi nel tempo
Non hai fatto questo quiz